000 00721 a2200229 4500
003 OSt
005 20180116192354.0
008 120613t xxu||||| |||| 00| 0 eng d
020 _a0751307866
020 _a9781405348201
040 _c0
082 _a746.44
100 _aGanderton, Lucinda.
_94538
245 1 0 _aStitch dictionary /
_cLucinda Ganderton.
260 _aLondon :
_bDorling Kindersley.
_c1999.
300 _a160 p. :
_bcol. ill. ;
_c16025 cm.
500 _aIncludes index.
650 1 0 _aEmbroidery
_xHandbooks, manuals, etc.
_94539
650 1 0 _aNeedlework
_x Handbooks, manuals, etc.
_94540
942 _aSADA
_cBK
_k746.44 GAN 1999
_2ddc
999 _c353050
_d353050